Loading...

മനുഷ്യന് ഒരു ആമുഖം

Bibliografiske detaljer
Hovedforfatter: സുഭാഷ് ചന്ദ്രൻ
Format: Printed Book
Udgivet: Kottayam DC 2010
LEADER 00499nam a22001337a 4500
020 |a 9788126428397 
082 |a M 894.8123  |b SUB/M 
100 |a സുഭാഷ് ചന്ദ്രൻ  
245 |a മനുഷ്യന് ഒരു ആമുഖം  
260 |a Kottayam  |b DC  |c 2010 
300 |a 372 
942 |c BK 
999 |c 39705  |d 39705 
952 |0 0  |1 0  |4 0  |6 M_894_812300000000000_SUBM  |7 0  |8 Stack  |9 42301  |a KUCL  |b KUCL  |c M  |d 2016-06-03  |l 25  |m 5  |o M 894.8123 SUB/M  |p 40747  |q 2020-08-10  |r 2020-07-08  |s 2020-07-08  |w 2016-06-03  |y BK